Online
Catalog

lengua y creación en la obra de Romulo Gallegos / (Record no. 23663)

MARC details
000 -CABECERA
campo de control de longitud fija 00602nam a2200193 a 4500
001 - NÚMERO DE CONTROL
campo de control 000024169
005 - FECHA Y HORA DE LA ÚLTIMA TRANSACCIÓN
campo de control 20200930022757.0
008 - DATOS DE LONGITUD FIJA--INFORMACIÓN GENERAL
campo de control de longitud fija 110119s1977 ve 000 0 spa d
040 ## - FUENTE DE LA CATALOGACIÓN
Centro catalogador/agencia de origen DO-SdBNP
Lengua de catalogación spa
Centro/agencia transcriptor BNPHU
082 ## - NÚMERO DE LA CLASIFICACIÓN DECIMAL DEWEY
Número de clasificación nn*
Número de documento/Ítem nn*
049 ## - FONDOS LOCALES (OCLC)
Fondos de biblioteca BNGR
100 1# - ENTRADA PRINCIPAL--NOMBRE DE PERSONA
Nombre de persona Araujo, Orlando.
9 (RLIN) 9010
245 10 - MENCIÓN DE TÍTULO
Título lengua y creación en la obra de Romulo Gallegos /
Mención de responsabilidad, etc. Orlando Araujo.
250 ## - MENCIÓN DE EDICIÓN
Mención de edición 3a ed.
260 ## - PUBLICACIÓN, DISTRIBUCIÓN, ETC.
Lugar de publicación, distribución, etc. Caracas :
Nombre del editor, distribuidor, etc. En la Raya,
Fecha de publicación, distribución, etc. 1977.
300 ## - DESCRIPCIÓN FÍSICA
Extensión v. ;
Dimensiones 18 cm..
500 ## - NOTA GENERAL
Nota general La biblioteca sólo posee el volumen 1.
500 ## - NOTA GENERAL
Nota general Incluye referencia bibliográfica y notas al pie de las páginas.
Holdings
Estado de retiro Estado de pérdida Restricciones de uso No para préstamo Código de colección Localización permanente Ubicación/localización actual Ubicación en estantería Fecha de adquisición Número de inventario Total de préstamos Signatura topográfica completa Código de barras Fecha visto por última vez Precio válido a partir de Tipo de ítem Koha
        Monografías: Libros y Folletos General General En catalogación 19.01.2011 LF1   v. 1 24169-10 25.06.2020 25.06.2020 Préstamo en sala

Powered by Koha